| 000 | 01367nam0a22003011 4500 | ||
|---|---|---|---|
| 001 | rc\2578825 | ||
| 005 | 20230417140440.0 | ||
| 035 | _a(NLR Aleph) 006743367 | ||
| 090 |
_a5668023 _c5668023 |
||
| 100 | _a20110914d1928 |||y0rusy50 ca | ||
| 101 | 0 | _arus | |
| 102 | _aRU | ||
| 105 | _ay z ||||| | ||
| 200 | 1 |
_aК вопросу о пригодности Северо-Кавказских ячменей для пивоварения _fРед. коллегия трудов Ин-та: проф. С. И. Тюремнов, доц. А. Н. Анфимов, доц. И. В. Попов... [и др.] |
|
| 210 |
_aКраснодар _cГлав. тип. Кубполиграфа _d1928 |
||
| 215 |
_a14 с. _d26х17 см. |
||
| 225 | 1 |
_aТруды Кубано-Черноморского научно-исследовательского института _fС.С.С.Р. Науч.-технич. упр-ние В.С.Н.Х. _vВып. 55 |
|
| 300 | _aНа 3-й стр. обл. перевод. тит. листа на нем. яз. | ||
| 700 | 1 |
_aУлитин _bА. М. _gАлексей Михайлович |
|
| 702 | 1 |
_aАнфимов _bА. Н. _4340 |
|
| 702 | 1 |
_aТюремнов _bС. И. _4340 |
|
| 702 | 1 |
_aПопов _bИ. В. _4340 |
|
| 801 | 0 |
_aRU _bNLR _gpsbo |
|
| 801 | 1 |
_aRU _bELAR _2rusmarc |
|
| 852 |
_aNLR _jП20/34 |
||
| 942 | _cBOOK | ||
| 980 | _aNB | ||